000 00292nam a22001217a 4500
020 _a0-85229-163-9
082 _a030 GRE'H
100 _aMARX, KARL
_914519
245 _aCAPITAL ,MANIFESTO OF THE COMMUNIST PARTY
250 _aV-50
260 _aCHICAGO
_bWILLIAM BENTON
_c1952
942 _cBK
999 _c582802
_d582802